| 000 | 00667cam a2200193 4500 | ||
|---|---|---|---|
| 005 | 20231030093051.0 | ||
| 008 | 160114b mx ||||| |||| 00| 0 spa d | ||
| 020 | _a9789706131010 | ||
| 050 | 0 | 4 |
_aJC255 _aJC11 _bA53 2003 |
| 100 | 1 | _aAndrade Sánchez, Justino Eduardo | |
| 245 | 1 | 0 |
_aTeoría general del estado _c / Justino Eduardo Andrade Sánchez. |
| 250 | _a2a ed. | ||
| 260 |
_aMéxico : _bOxford University Press México, _c2003 |
||
| 300 |
_axxii, 474 p. ; _c23 cm. |
||
| 490 | 0 | _aColección Textos Jurídicos Universitarios | |
| 504 | _aIncluye bibliografía : p. 443-450 e índices | ||
| 650 | 7 |
_2lemb _aEstado _xPolitica _zMéxico |
|
| 942 |
_2lcc _cLIB |
||
| 999 |
_c85638 _d85638 |
||